000 00645nam a2200205Ia 4500
008 140321s9999 xx 000 0 und d
020 _a9781111344429
050 _aHM 1221
_b.H46 2013
100 _aHayes, Darrell C.
245 _aPublic relations cases /
_cDarrell C. Hayes, Jerry A. Hendrix, & Pallavi D. Kumar.
250 _a9th ed.
260 _aMassachusetts :
_bWadsworth Cengage Learning,
_cc2013.
300 _a425 p. :
_bill. ;
_c23 cm.
500 _aIncludes index.
521 _aBSBA
650 _aPublic relations
_xUnited States -- Case studies.
650 _aPublicity
_xCase studies.
942 _kFOR
_cBK
999 _c48608
_d48608